01770cas a2200349 a 4500008004100000010001600041022001400057040006400071050001400135092001800149099001700167210007300184222011600257245012900373260007100502300004300573310001900616362005200635500002200687515026500709650002600974710005101000785017001051905001601221905000901237942001501246999001901261336002201280337002501302338002301327952007001350751101d19521965gw bx p 0 b0ger  asf 83008010 a0138-1504 aDLCcMnMULSdCtYdNdDLCdOCoLCdNSTdNSDPdNSTdInUdOCoLC00aQ49b.H3504a505bW816221 a04a505 W8160 aWiss. Z. - Martin-Luther-Univ. Halle-Wittenb., Math.-nat.wiss. Reihe 0aWissenschaftliche Zeitschrift - Martin-Luther-Univ. Halle-Wittenberg. Mathematisch-naturwissenschaftliche Reihe00aWissenschaftliche Zeitschrift der Martin-Luther-Universitèat Halle-Wittenberg.pMathematisch-naturwissenschaftliche Reihe. aHalle-Wittenberg :bMartin-Luther-Universitèat,c[1952à]-1965. av. :bill., maps (some col.) ;c30 cm. aSix no. a year0 aJahrg. 1, Heft 1/2 (1951/52)-Jahrg. 14, Heft 7. aTitle from cover. aVols. 1-2 numbered also in sequence with Wissenschaftliche Zeitschrift; gesellschafts- und sprachwissenschaftliche Reihe; i.e. v. 1, no. 1/2 is v. 1, no. 1/2 of the combined numbering, v. 2, no. 1-3 [etc.] are v. 2, no. 1, 4-5 [etc.] of the combined numbering. 0aSciencevPeriodicals.2 aMartin-Luther-Universitèat Halle-Wittenberg.00tWissenschaftliche Zeitschrift (Martin-Luther-Universitèat Halle-Wittenberg). Mathematisch-naturwissenschaftliche Reihex0138-1504w(DLC) 57035321w(OCoLC)8632732 aJamalecat. eRev. 2ddccCRn0 c139618d139618 atext2rda content aUnmediated2rdamedia avolume2rdacarrier 2ddc70aCUCLbclx1d2024-02-11o505 W816r2023-09-23 00:00:00yCR